000 00630nam a22002057a 4500
003 UA-OsUOA
001 10193
007 ta
008 20050105b un ||||| |||| 00| 0 ukr d
100 _aКирейко В.
942 _cSA
040 _aUA-OsUOA
_bukr
_cUA-OsUOA
_dUA-OsUOA
245 _aГолосом ніжного серця : [ Про життя і творч. заслуженої артистки В. Антонюк ]
300 _aС.4
955 _a0
041 _aukr
044 _aUA
773 0 _w0
_tЛітературна Україна
_dКиїв
_d2004
_g№51 /30груд./
650 7 _aАнтонюк В.
_2UDC
999 _c296354
_d296354